Los sistemas ecológicos y la humanidad/
Guardado en:
| Autor Principal: | |
|---|---|
| Formato: | Libro |
| Publicado: |
Estados Unidos de América :
O.e.a.,
1982
|
| Materias: | |
| Etiquetas: |
Agregar Etiqueta
Sin Etiquetas, Sea el primero en etiquetar este registro!
|
| LEADER | 00494nam a22001815a 4500 | ||
|---|---|---|---|
| 001 | CEM.cems003953 | ||
| 005 | 19000101000000.0 | ||
| 008 | 130507s1982##################000#0#####d | ||
| 003 | CEMS | ||
| 082 | 0 | 4 | |a 574.5 |
| 100 | 1 | |a Lugo, Ariel E. | |
| 245 | 1 | 0 | |a Los sistemas ecológicos y la humanidad/ |
| 260 | |a Estados Unidos de América : |b O.e.a., |c 1982 | ||
| 300 | |a 82 p. | ||
| 653 | |a Biomas | ||
| 653 | |a Ecologia | ||
| 653 | |a Ecosistema | ||
| 859 | |a CEMS |b BIB. CEMS - 11 de abril |h 574.5 |i L967 |p 12142.83 |t Ej.1 | ||
